000 00765cab a2200229 4500
001 WB3032-38
008 090401t1994 xxu||||| |||| 00| 0 eng d
035 _a(Sirsi) u36807
041 _aeng
245 _aSupercity planned for Kent
260 _c1994
350 _a0
490 _aSunday Times
_v21 August 1994, 1.9(1)
520 _aDevelopers are planning a £5bn new town in Kent as UK`s first American-style `Edge City`, a high technology metropolis populated largely by middleclass families wanting to escape the inner cities. It will be called Euro City.
650 _aEAST THAMES CORRIDOR
650 _aEDGE CITY
650 _aEURO CITY
650 _aNEW TOWNS
690 _aPROPERTY-PROPERTY DEVELOPMENT
942 _n0
948 _c04/03/1997
999 _c23820
_d23820